000 00335nam a2200157Ia 4500
003 Ost
005 20260225132555.0
008 260225s9999||||xx |||||||||||||| ||und||
040 _cfsic
041 _afre
082 _a440
100 _aRemond Edith
_eAuteur
245 0 _aL'Interview /
245 0 _cRemond Edith
942 _cكتاب
999 _c34374
_d34374